Znaki rozpoznawcze województwa małopolskiego - Statystyki

Ogólne statystyki
  • Ten quiz został rozwiązany 38 razy
  • Średni wynik to 8 z 12
Statystyki odpowiedzi
Obrazkowy Hint Odpowiedź % Poprawnych
osoba Karol Wojtyła
96%
jezioro Morskie Oko
93%
zabytek Zamek Królewski na Wawelu
93%
zabytek Auschwitz-Birkenau
86%
port lotniczy Kraków-Balice
86%
góra Rysy
86%
rzeka Dunajec
75%
miasto Nowy Sącz
64%
góra Kasprowy Wierch
57%
zaporowy zbiornik wodny Jezioro {Czorsztyńskie}
36%
zabytek Kopalnia Soli w Wieliczce
32%
miasto Olkusz
21%
Nie znaleziono quizów pasujących do podanych kryteriów
Rozkład punktacji
Procent ludzi z każdym wynikiem
Percentyl według liczby udzielonych odpowiedzi
Twoja historia wyników
Nie rozwiązałeś tego quizu